000 00686nam a2200253Ia 4500
005 20260121155503.0
008 008 260114s9999 xx 000 0 eng d
020 _a9781003237501
037 _aEBOOK
040 _aCRL
040 _beng
040 _cCRL
041 _2eng
041 _aeng
084 _qCRL
100 _a Varleisha Gibbs, OTD, OTR/L; Rondalyn L. Whitney; Rondalyn V Whitney; Varleisha Gibbs
_91020110
245 0 _aRaising Kids With Sensory Processing Disorders
260 _bTaylor and Francis
260 _c2020
856 _uhttp://www.taylorfrancis.com/books/9781003237501
942 _cEBOOK
999 _c1586929
_d1586929